In holy matrimony: (Record no. 14646)

000 -LEADER
fixed length control field 00631nam a2200181 a 4500
001 - CONTROL NUMBER
control field :::00012479$&:&@@
003 - CONTROL NUMBER IDENTIFIER
control field OkBaRHE
005 - DATE AND TIME OF LATEST TRANSACTION
control field 20000607103419.0
008 - FIXED-LENGTH DATA ELEMENTS--GENERAL INFORMATION
fixed length control field s1965 j 000 0 eng u
040 ## - CATALOGING SOURCE
Transcribing agency
100 1# - MAIN ENTRY--PERSONAL NAME
Personal name Methodist Church Board of Publication.
245 10 - TITLE STATEMENT
Title In holy matrimony:
Remainder of title the marriage manual of the Methodist Church.
260 ## - PUBLICATION, DISTRIBUTION, ETC. (IMPRINT)
Place of publication, distribution, etc Nashville, TN., :
Name of publisher, distributor, etc Methodist Publishing House
Date of publication, distribution, etc c1965
300 ## - PHYSICAL DESCRIPTION
Extent 134 p. ;
Dimensions 19 cm.
650 ## - SUBJECT ADDED ENTRY--TOPICAL TERM
Topical term or geographic name as entry element Marriage
General subdivision Handbooks, Manuals, etc. Methodist
942 ## - ADDED ENTRY ELEMENTS (KOHA)
Source of classification or shelving scheme
Koha item type Books
Copies
Date last seen Barcode Not for loan Price effective from Copy number Shelving location Date acquired Permanent Location Lost status Full call number Source of classification or shelving scheme Withdrawn status Koha item type Damaged status
2010-04-1412479 2010-04-141General Stacks2010-04-14RHEMA Bible Training College HQ 734 .M4  Books